000 00570nam a22001937a 4500
003 LK-CoDNM
005 20241223151144.0
008 241223b |||||||| |||| 00| 0 eng d
040 _aLK-CoDNM
_dLK-CoDNM
_eLK-CoDNM
041 _aeng
080 _a3a
_bB5
245 _aNew York State Education Department - 1910
_b64th Annual report -December 15, 1910 No:487
246 _aNew york state museum
260 _aAlbany
_bUniversity of the state of new york
_c1913
300 _a270p. : ill , map ; 21 cm
490 _vVolume 1
650 _aScience
942 _cBK
999 _c233965
_d233965